Tirsanku. (Record no. 95648)
[ view plain ]
| 000 -LEADER | |
|---|---|
| fixed length control field | 00487nam a2200193Ia 4500 |
| 003 - CONTROL NUMBER IDENTIFIER | |
| control field | OSt |
| 005 - DATE AND TIME OF LATEST TRANSACTION | |
| control field | 20250915170143.0 |
| 008 - FIXED-LENGTH DATA ELEMENTS--GENERAL INFORMATION | |
| fixed length control field | 210210b1992 xxu||||| |||| 00| 0 eng d |
| 040 ## - CATALOGING SOURCE | |
| Transcribing agency | AL |
| 041 ## - LANGUAGE CODE | |
| Language code of text/sound track or separate title | Tulu |
| 082 ## - DEWEY DECIMAL CLASSIFICATION NUMBER | |
| Classification number | T894.2 MANT |
| 100 ## - MAIN ENTRY--PERSONAL NAME | |
| Personal name | MANU IDYA. |
| Dates associated with a name | ಮನು ಇಡ್ಯಾ |
| 9 (RLIN) | 238727 |
| 245 ## - TITLE STATEMENT | |
| Title | Tirsanku. |
| Remainder of title | ತಿರ್ಸಂಕು. |
| 260 ## - PUBLICATION, DISTRIBUTION, ETC. | |
| Place of publication, distribution, etc. | Suratkal |
| Name of publisher, distributor, etc. | Singara Suratkal |
| Date of publication, distribution, etc. | 1992 |
| 300 ## - PHYSICAL DESCRIPTION | |
| Extent | 53 |
| 690 ## - LOCAL SUBJECT ADDED ENTRY--TOPICAL TERM (OCLC, RLIN) | |
| Topical term or geographic name as entry element | Tulu Drama |
| 9 (RLIN) | 238728 |
| 906 ## - LOCAL DATA ELEMENT F, LDF (RLIN) | |
| a | 046563 |
| 942 ## - ADDED ENTRY ELEMENTS (KOHA) | |
| Source of classification or shelving scheme | Dewey Decimal Classification |
| Koha item type | Book |
| Withdrawn status | Lost status | Damaged status | Not for loan | Collection code | Home library | Current library | Shelving location | Date acquired | Cost, normal purchase price | Total Checkouts | Full call number | Barcode | Date due | Date last seen | Date last checked out | Price effective from | Koha item type |
|---|---|---|---|---|---|---|---|---|---|---|---|---|---|---|---|---|---|
| Tulu | St Aloysius Library | St Aloysius Library | 02/17/2021 | 15.00 | 1 | T894.2 MANT | 046563 | 12/20/2025 | 08/22/2025 | 08/22/2025 | 02/17/2021 | Book |